Comitats (régions) de Hongrie - Statistiques

Statistiques générales
  • Ce quiz a été pris 14 fois
    12 depuis la dernière actualisation
  • Le résultat moyen est 13 sur 20
Statistiques - réponses
Siège Comitat % Correct
Budapest Budapest
100%
Székesfehérvár Fejér
100%
Budapest Pest
100%
Szombathely Vas
100%
Pécs Baranya
80%
... Győr-Moson-Sopron
80%
Zalaegerszeg Zala
80%
Kecskemét Bács-Kiskun
60%
Békéscsaba Békés
60%
Szeged Csongrád-Csanád
60%
Debrecen Hajdú-Bihar
60%
Eger Heves
60%
... Jász-Nagykun-Szolnok
60%
Tatabánya Komárom-Esztergom
60%
Salgótarján Nógrád
60%
Szekszárd Tolna
60%
Miskolc Borsod-Abaúj-Zemplén
40%
Kaposvár Somogy
40%
Nyíregyháza Szabolcs-Szatmár-Bereg
40%
... Veszprém
40%
Aucun quiz correspondant
Distribution des résultats
% des personnes avec chaque résultat
Percentile par nombre de réponses
Votre historique - résultats
Vous n’avez pas pris ce quiz depuis la dernière actualisation